72622 2228741 4500001002100000005001500021035002000036007000300056008004100059020003800100020003200138020003300170020003300203020003200236020003200268020003200300020003200332020003200364020003300396020003200429040002200461082001200483084001400495090001800509090001700527100002800544245019000572650002900762700002300791700002700814700003000841700003400871700002400905700003100929700003000960700003100990850001201021505032901033264003101362336002101393337003001414338002301444300003601467500001101503504003001514990001801544990001801562990001801580990001801598990001801616990001801634990001801652990001801670990001801688990001801706990001801724990001801742990001801760990001801778990001801796990001801814990001801832990001801850990001801868990001801886990001801904990001801922990001801940990001801958990001801976990001801994990001802012990001802030990001802048990001802066990001802084990001802102990001802120990001802138990001802156990001802174990001802192990001802210990001802228990001802246990001802264990001802282990001802300990001802318990001802336990001802354990001802372990001802390990001802408990001802426990001802444990001802462990001802480990001802498990001802516990001802534990001802552990001802570990001802588990001802606990001802624990001802642990001802660990001802678990001802696990001802714990001802732990001802750990001802768990001802786990001802804990001802822990001802840990001802858990001802876990001802894990001802912990001802930990001802948990001802966990001802984990001803002990001803020990001803038990001803056990001803074990001803092990001803110990001803128990001803146990001803164990001803182990001803200990001803218990001803236990001803254990001803272990001803290990001803308990001803326990001803344990001803362990001803380990001803398990001803416990001803434990001803452990001803470990001803488990001803506990001803524990001803542990001803560990001803578990001803596990001803614990001803632990001803650990001803668990001803686990001803704990001803722990001803740990001803758990001803776990001803794990001803812990001803830990001803848990001803866990001803884990001803902990001803920990001803938990001803956990001803974990001803992990001804010990001804028990001804046990001804064990001804082990001804100990001804118990001804136990001804154990001804172990001804190990001804208990001804226990001804244990001804262990001804280990001804298990001804316990001804334990001804352990001804370990001804388990001804406990001804424990001804442990001804460990001804478990001804496990001804514990001804532990001804550990001804568990001804586990001804604990001804622990001804640990001804658990001804676990001804694990001804712990001804730990001804748990001804766990001804784990001804802990001804820990001804838990001804856990001804874990001804892990001804910990001804928990001804946990001804964990001804982990001805000990001805018990001805036990001805054990001805072990001805090990001805108990001805126990001805144990001805162990001805180990001805198990001805216990001805234990001805252990001805270990001805288990001805306990001805324990001805342990001805360990001805378990001805396990001805414990001805432990001805450990001805468990001805486990001805504990001805522990001805540990001805558990001805576990001805594990001805612990001805630990001805648990001805666990001805684990001805702990001805720990001805738990001805756990001805774990001805792990001805810990001805828990001805846990001805864990001805882990001805900990001805918990001805936990001805954990001805972990001805990990001806008990001806026990001806044990001806062990001806080990001806098990001806116990001806134990001806152990001806170990001806188990001806206990001806224990001806242990001806260990001806278990001806296990001806314990001806332990001806350990001806368990001806386990001806404990001806422990001806440990001806458990001806476990001806494990001806512990001806530990001806548990001806566990001806584990001806602990001806620990001806638990001806656990001806674990001806692990001806710990001806728990001806746990001806764990001806782990001806800990001806818990001806836990001806854990001806872990001806890990001806908990001806926990001806944990001806962990001806980990001806998990001807016990001807034990001807052990001807070990001807088990001807106990001807124990001807142990001807160990001807178990001807196990001807214990001807232990001807250990001807268990001807286990001807304990001807322990001807340990001807358990001807376990001807394990001807412990001807430990001807448990001807466990001807484990001807502990001807520990001807538990001807556990001807574990001807592990001807610990001807628990001807646990001807664990001807682990001807700990001807718990001807736990001807754990001807772990001807790990001807808990001807826990001807844990001807862990001807880990001807898990001807916990001807934990001807952990001807970990001807988990001808006990001808024990001808042990001808060990001808078990001808096990001808114990001808132990001808150990001808168990001808186990001808204990001808222990001808240990001808258990001808276990001808294990001808312990001808330990001808348990001808366990001808384990001808402990001808420990001808438990001808456990001808474990001808492990001808510990001808528990001808546990001808564990001808582990001808600990001808618990001808636990001808654990001808672990001808690990001808708990001808726990001808744990001808762990001808780990001808798990001808816990001808834990001808852990001808870990001808888990001808906990001808924990001808942990001808960990001808978990001808996990001809014990001809032990001809050990001809068990001809086990001809104990001809122990001809140990001809158990001809176990001809194990001809212990001809230990001809248990001809266990001809284990001809302990001809320990001809338990001809356990001809374990001809392990001809410990001809428990001809446990001809464990001809482990001809500990001809518990001809536990001809554990001809572990001809590990001809608990001809626990001809644990001809662990001809680990001809698990001809716990001809734990001809752990001809770990001809788990001809806990001809824990001809842990001809860990001809878990001809896990001809914990001809932990001809950990001809968990001809986990001810004990001810022990001810040990001810058990001810076990001810094990001810112990001810130990001810148990001810166990001810184990001810202990001810220990001810238990001810256990001810274990001810292990001810310990001810328990001810346990001810364990001810382990001810400990001810418990001810436990001810454990001810472990001810490990001810508990001810526990001810544990001810562990001810580990001810598990001810616990001810634990001810652990001810670990001810688990001810706990001810724990001810742990001810760990001810778990001810796990001810814990001810832990001810850990001810868990001810886990001810904990001810922990001810940990001810958990001810976990001810994990001811012990001811030990001811048990001811066990001811084990001811102990001811120990001811138990001811156990001811174990001811192990001811210990001811228990001811246990001811264990001811282990001811300990001811318990001811336990001811354990001811372990001811390990001811408990001811426990001811444990001811462990001811480990001811498990001811516990001811534990001811552990001811570990001811588990001811606990001811624990001811642990001811660990001811678990001811696990001811714990001811732990001811750990001811768990001811786990001811804990001811822990001811840990001811858990001811876990001811894990001811912990001811930990001811948990001811966990001811984990001812002990001812020990001812038990001812056990001812074990001812092990001812110990001812128990001812146990001812164990001812182990001812200990001812218990001812236990001812254990001812272990001812290990001812308990001812326990001812344990001812362990001812380990001812398990001812416990001812434990001812452990001812470990001812488990001812506990001812524990001812542990001812560990001812578990001812596990001812614990001812632990001812650990001812668990001812686990001812704990001812722990001812740990001812758990001812776990001812794990001812812990001812830990001812848990001812866990001812884990001812902990001812920990001812938990001812956990001812974990001812992990001813010990001813028990001813046990001813064990001813082990001813100990001813118990001813136990001813154990001813172990001813190990001813208990001813226990001813244990001813262990001813280990001813298990001813316990001813334990001813352990001813370990001813388990001813406990001813424990001813442990001813460990001813478990001813496990001813514990001813532990001813550990001813568990001813586990001813604990001813622990001813640990001813658990001813676990001813694990001813712990001813730990001813748990001813766990001813784990001813802990001813820990001813838990001813856990001813874990001813892990001813910990001813928990001813946990001813964990001813982990001814000990001814018990001814036990001814054990001814072990001814090990001814108990001814126990001814144990001814162990001814180990001814198990001814216990001814234990001814252990001814270990001814288990001814306990001814324990001814342990001814360990001814378990001814396990001814414990001814432990001814450990001814468990001814486990001814504990001814522990001814540990001814558990001814576990001814594990001814612990001814630990001814648990001814666990001814684990001814702990001814720990001814738990001814756990001814774990001814792990001814810990001814828990001814846990001814864990001814882990001814900990001814918990001814936990001814954990001814972990001814990990001815008990001815026990001815044990001815062990001815080990001815098990001815116990001815134990001815152990001815170990001815188990001815206990001815224990001815242990001815260990001815278990001815296990001815314990001815332990001815350990001815368990001815386990001815404990001815422990001815440990001815458990001815476990001815494990001815512990001815530990001815548990001815566990001815584990001815602990001815620990001815638990001815656990001815674990001815692990001815710990001815728990001815746990001815764990001815782990001815800990001815818990001815836990001815854990001815872990001815890990001815908990001815926990001815944990001815962990001815980990001815998990001816016990001816034990001816052990001816070990001816088990001816106990001816124990001816142990001816160990001816178990001816196990001816214990001816232990001816250990001816268990001816286990001816304990001816322990001816340990001816358990001816376990001816394990001816412990001816430990001816448990001816466990001816484990001816502990001816520990001816538990001816556990001816574990001816592990001816610990001816628990001816646990001816664990001816682990001816700990001816718990001816736990001816754990001816772990001816790990001816808990001816826990001816844990001816862990001816880990001816898990001816916990001816934990001816952990001816970990001816988990001817006990001817024990001817042990001817060990001817078990001817096990001817114990001817132990001817150990001817168990001817186990001817204990001817222990001817240990001817258990001817276990001817294990001817312990001817330990001817348990001817366990001817384990001817402990001817420990001817438990001817456990001817474990001817492990001817510990001817528990001817546990001817564990001817582990001817600990001817618990001817636990001817654990001817672990001817690990001817708990001817726990001817744990001817762990001817780990001817798990001817816990001817834990001817852990001817870990001817888990001817906990001817924990001817942990001817960990001817978990001817996990001818014990001818032990001818050990001818068990001818086990001818104990001818122990001818140990001818158990001818176990001818194990001818212990001818230990001818248990001818266990001818284990001818302990001818320990001818338990001818356990001818374990001818392990001818410990001818428990001818446990001818464990001818482990001818500990001818518990001818536990001818554990001818572990001818590990001818608990001818626990001818644990001818662990001818680990001818698990001818716990001818734990001818752990001818770990001818788990001818806990001818824990001818842990001818860990001818878990001818896990001818914990001818932990001818950990001818968990001818986990001819004990001819022990001819040990001819058990001819076990001819094990001819112990001819130990001819148990001819166990001819184990001819202990001819220990001819238990001819256990001819274990001819292990001819310990001819328990001819346990001819364990001819382990001819400990001819418990001819436990001819454990001819472990001819490990001819508990001819526990001819544990001819562990001819580990001819598990001819616990001819634990001819652990001819670990001819688990001819706990001819724990001819742990001819760990001819778990001819796990001819814990001819832990001819850990001819868990001819886990001819904990001819922990001819940990001819958990001819976990001819994990001820012990001820030990001820048990001820066990001820084990001820102990001820120990001820138990001820156990001820174990001820192990001820210990001820228990001820246990001820264990001820282990001820300990001820318990001820336990001820354990001820372990001820390990001820408990001820426990001820444990001820462990001820480990001820498990001820516990001820534990001820552990001820570990001820588990001820606990001820624990001820642990001820660990001820678990001820696990001820714990001820732990001820750990001820768990001820786990001820804990001820822990001820840990001820858990001820876990001820894990001820912990001820930990001820948990001820966990001820984990001821002990001821020990001821038990001821056990001821074990001821092990001821110990001821128990001821146990001821164990001821182990001821200990001821218990001821236990001821254990001821272990001821290990001821308990001821326990001821344990001821362990001821380990001821398990001821416990001821434990001821452990001821470990001821488990001821506990001821524990001821542990001821560990001821578990001821596990001821614990001821632990001821650990001821668990001821686990001821704990001821722990001821740990001821758990001821776990001821794990001821812990001821830990001821848990001821866990001821884990001821902990001821920990001821938990001821956990001821974990001821992990001822010990001822028990001822046990001822064990001822082990001822100990001822118990001822136990001822154990001822172990001822190990001822208990001822226990001822244990001822262990001822280990001822298990001822316990001822334990001822352990001822370990001822388990001822406990001822424990001822442990001822460990001822478990001822496990001822514990001822532990001822550990001822568990001822586990001822604990001822622990001822640990001822658990001822676990001822694990001822712990001822730990001822748990001822766990001822784990001822802990001822820990001822838990001822856990001822874990001822892990001822910990001822928990001822946990001822964990001822982990001823000990001823018990001823036990001823054990001823072990001823090990001823108990001823126990001823144990001823162990001823180990001823198990001823216990001823234990001823252990001823270990001823288990001823306990001823324990001823342990001823360990001823378990001823396990001823414990001823432990001823450990001823468990001823486990001823504990001823522990001823540990001823558990001823576990001823594990001823612990001823630990001823648990001823666990001823684990001823702990001823720990001823738990001823756990001823774990001823792990001823810990001823828990001823846990001823864990001823882990001823900990001823918990001823936990001823954990001823972990001823990990001824008990001824026990001824044990001824062990001824080990001824098990001824116990001824134990001824152990001824170990001824188990001824206990001824224990001824242990001824260990001824278990001824296990001824314990001824332990001824350990001824368990001824386990001824404990001824422990001824440990001824458990001824476990001824494990001824512990001824530990001824548990001824566990001824584990001824602990001824620990001824638990001824656990001824674990001824692990001824710990001824728990001824746990001824764990001824782990001824800990001824818990001824836990001824854990001824872990001824890990001824908990001824926990001824944990001824962990001824980990001824998990001825016990001825034990001825052990001825070990001825088990001825106990001825124990001825142990001825160990001825178990001825196990001825214990001825232990001825250990001825268990001825286990001825304990001825322990001825340990001825358990001825376990001825394990001825412990001825430990001825448990001825466990001825484990001825502990001825520990001825538990001825556990001825574990001825592990001825610990001825628990001825646990001825664990001825682990001825700990001825718990001825736990001825754990001825772990001825790990001825808990001825826990001825844990001825862990001825880990001825898990001825916990001825934990001825952990001825970990001825988990001826006990001826024990001826042990001826060990001826078990001826096990001826114990001826132990001826150990001826168990001826186990001826204990001826222990001826240990001826258990001826276990001826294990001826312990001826330990001826348990001826366990001826384990001826402990001826420990001826438990001826456990001826474990001826492990001826510990001826528990001826546990001826564990001826582990001826600990001826618990001826636990001826654990001826672990001826690990001826708990001826726990001826744990001826762990001826780990001826798990001826816990001826834990001826852990001826870990001826888990001826906990001826924990001826942990001826960990001826978990001826996990001827014990001827032990001827050990001827068990001827086990001827104990001827122990001827140990001827158990001827176990001827194990001827212990001827230990001827248990001827266990001827284990001827302990001827320990001827338990001827356990001827374990001827392990001827410990001827428990001827446990001827464990001827482990001827500990001827518990001827536990001827554990001827572990001827590990001827608990001827626990001827644990001827662990001827680990001827698990001827716990001827734990001827752990001827770990001827788990001827806990001827824990001827842990001827860990001827878990001827896990001827914990001827932990001827950990001827968990001827986990001828004990001828022990001828040990001828058990001828076990001828094990001828112990001828130990001828148990001828166990001828184990001828202990001828220990001828238990001828256990001828274990001828292990001828310990001828328990001828346990001828364990001828382990001828400990001828418990001828436990001828454990001828472990001828490990001828508990001828526990001828544990001828562990001828580990001828598990001828616990001828634990001828652990001828670990001828688990001828706990001828724990001828742990001828760990001828778990001828796990001828814990001828832990001828850990001828868990001828886990001828904990001828922990001828940990001828958990001828976990001828994990001829012990001829030990001829048990001829066990001829084990001829102990001829120990001829138990001829156990001829174990001829192990001829210990001829228990001829246990001829264990001829282990001829300990001829318990001829336990001829354990001829372990001829390990001829408990001829426990001829444990001829462990001829480990001829498990001829516990001829534990001829552990001829570990001829588990001829606990001829624990001829642990001829660990001829678990001829696990001829714990001829732990001829750990001829768990001829786990001829804990001829822990001829840990001829858990001829876990001829894990001829912990001829930990001829948990001829966990001829984990001830002990001830020990001830038990001830056990001830074990001830092990001830110990001830128990001830146990001830164990001830182990001830200990001830218990001830236990001830254990001830272990001830290990001830308990001830326990001830344990001830362990001830380990001830398990001830416990001830434990001830452990001830470990001830488990001830506990001830524990001830542990001830560990001830578990001830596990001830614990001830632990001830650990001830668990001830686990001830704990001830722990001830740990001830758990001830776990001830794990001830812990001830830990001830848990001830866990001830884990001830902990001830920990001830938990001830956990001830974990001830992990001831010990001831028990001831046990001831064990001831082990001831100990001831118990001831136990001831154990001831172990001831190990001831208990001831226990001831244990001831262990001831280990001831298990001831316990001831334990001831352990001831370990001831388990001831406990001831424990001831442990001831460990001831478990001831496990001831514990001831532990001831550990001831568990001831586990001831604990001831622990001831640990001831658990001831676990001831694990001831712990001831730990001831748990001831766990001831784990001831802990001831820990001831838990001831856990001831874990001831892990001831910990001831928990001831946990001831964990001831982990001832000990001832018990001832036990001832054990001832072990001832090990001832108990001832126990001832144990001832162990001832180990001832198990001832216990001832234990001832252990001832270990001832288990001832306990001832324990001832342990001832360990001832378990001832396990001832414990001832432990001832450990001832468990001832486990001832504990001832522990001832540990001832558990001832576990001832594990001832612990001832630990001832648990001832666990001832684990001832702990001832720990001832738990001832756990001832774990001832792990001832810990001832828990001832846990001832864990001832882990001832900990001832918990001832936990001832954990001832972990001832990990001833008990001833026990001833044990001833062990001833080990001833098990001833116990001833134990001833152990001833170990001833188990001833206990001833224990001833242990001833260990001833278990001833296990001833314990001833332990001833350990001833368990001833386990001833404990001833422990001833440990001833458990001833476990001833494990001833512990001833530990001833548990001833566990001833584990001833602990001833620990001833638990001833656990001833674990001833692990001833710990001833728990001833746990001833764990001833782990001833800990001833818990001833836990001833854990001833872990001833890990001833908990001833926990001833944990001833962990001833980990001833998990001834016990001834034990001834052990001834070990001834088990001834106990001834124990001834142990001834160990001834178990001834196990001834214990001834232990001834250990001834268990001834286990001834304990001834322990001834340990001834358990001834376990001834394990001834412990001834430990001834448990001834466990001834484990001834502990001834520990001834538990001834556990001834574990001834592990001834610990001834628990001834646990001834664990001834682990001834700990001834718990001834736990001834754990001834772990001834790990001834808990001834826990001834844990001834862990001834880990001834898990001834916990001834934990001834952990001834970990001834988990001835006990001835024990001835042990001835060990001835078990001835096990001835114990001835132990001835150990001835168990001835186990001835204990001835222990001835240990001835258990001835276990001835294990001835312990001835330990001835348990001835366990001835384990001835402990001835420990001835438990001835456990001835474990001835492990001835510990001835528990001835546990001835564990001835582990001835600990001835618990001835636990001835654990001835672990001835690990001835708990001835726990001835744990001835762990001835780990001835798990001835816990001835834990001835852990001835870990001835888990001835906990001835924990001835942990001835960990001835978990001835996990001836014990001836032990001836050990001836068990001836086990001836104990001836122990001836140990001836158990001836176990001836194990001836212990001836230990001836248990001836266990001836284990001836302990001836320990001836338990001836356990001836374990001836392990001836410990001836428990001836446990001836464990001836482990001836500990001836518990001836536990001836554990001836572990001836590990001836608990001836626990001836644990001836662990001836680990001836698990001836716990001836734990001836752990001836770990001836788990001836806990001836824990001836842990001836860990001836878990001836896990001836914990001836932990001836950990001836968990001836986990001837004990001837022990001837040990001837058990001837076990001837094990001837112990001837130990001837148990001837166990001837184990001837202990001837220990001837238990001837256990001837274990001837292990001837310990001837328990001837346990001837364990001837382990001837400990001837418990001837436990001837454990001837472990001837490990001837508990001837526990001837544990001837562990001837580990001837598990001837616990001837634990001837652990001837670990001837688990001837706990001837724990001837742990001837760990001837778990001837796990001837814990001837832990001837850990001837868990001837886990001837904990001837922990001837940990001837958990001837976990001837994990001838012990001838030990001838048990001838066990001838084990001838102990001838120990001838138990001838156990001838174990001838192990001838210990001838228990001838246990001838264990001838282990001838300990001838318990001838336990001838354990001838372990001838390990001838408990001838426990001838444990001838462990001838480990001838498990001838516990001838534990001838552990001838570990001838588990001838606990001838624990001838642990001838660990001838678990001838696990001838714990001838732990001838750990001838768990001838786990001838804990001838822990001838840990001838858990001838876990001838894990001838912990001838930990001838948990001838966990001838984990001839002990001839020990001839038990001839056990001839074990001839092990001839110990001839128990001839146990001839164990001839182990001839200990001839218990001839236990001839254990001839272990001839290990001839308990001839326990001839344990001839362990001839380990001839398990001839416990001839434990001839452990001839470990001839488990001839506990001839524990001839542990001839560990001839578990001839596990001839614990001839632990001839650990001839668990001839686990001839704990001839722990001839740990001839758990001839776990001839794990001839812990001839830990001839848990001839866990001839884990001839902990001839920990001839938990001839956990001839974990001839992990001840010990001840028990001840046990001840064990001840082990001840100990001840118990001840136990001840154990001840172990001840190990001840208990001840226990001840244990001840262990001840280990001840298990001840316990001840334990001840352990001840370990001840388990001840406990001840424990001840442990001840460990001840478990001840496990001840514990001840532990001840550990001840568990001840586990001840604990001840622990001840640990001840658990001840676990001840694990001840712990001840730990001840748990001840766990001840784990001840802990001840820990001840838990001840856990001840874990001840892990001840910990001840928990001840946990001840964990001840982990001841000990001841018990001841036990001841054990001841072990001841090990001841108990001841126990001841144990001841162990001841180990001841198990001841216990001841234990001841252990001841270990001841288990001841306990001841324990001841342990001841360990001841378990001841396990001841414990001841432990001841450990001841468990001841486990001841504990001841522990001841540990001841558990001841576990001841594990001841612990001841630990001841648990001841666990001841684990001841702990001841720990001841738990001841756990001841774990001841792990001841810990001841828990001841846990001841864990001841882990001841900990001841918990001841936990001841954990001841972990001841990990001842008990001842026990001842044990001842062990001842080990001842098990001842116990001842134990001842152990001842170990001842188990001842206990001842224990001842242990001842260990001842278990001842296990001842314990001842332990001842350990001842368990001842386990001842404990001842422990001842440990001842458990001842476990001842494990001842512990001842530990001842548990001842566990001842584990001842602990001842620990001842638990001842656990001842674990001842692990001842710990001842728990001842746990001842764990001842782990001842800990001842818990001842836990001842854990001842872990001842890990001842908990001842926990001842944990001842962990001842980990001842998990001843016990001843034990001843052990001843070990001843088990001843106990001843124990001843142990001843160990001843178990001843196990001843214990001843232990001843250990001843268990001843286990001843304990001843322990001843340990001843358990001843376990001843394990001843412990001843430990001843448990001843466990001843484990001843502990001843520990001843538990001843556990001843574990001843592990001843610990001843628990001843646990001843664990001843682990001843700990001843718990001843736990001843754990001843772990001843790990001843808990001843826990001843844990001843862INLIS00000000085509520200317095913 a0010-0320000422ta200316t2014 jkia g e ind d a978-602-7706-39-2 (edisi lengkap) a978-602-7706-40-8 (jilid 1) a978-602-7706-50-7 (jilid 11) a978-602-7706-51-4 (jilid 12) a978-602-7706-44-6 (jilid 5) a978-602-7706-45-3 (jilid 6) a978-602-7706-46-0 (jilid 7) a978-602-7706-47-7 (jilid 8) a978-602-7706-48-4 (jilid 9) a978-602-7706-49-1 (jilid 10) a978-602-7706-41-5 (jilid 2) aYOPDYOGbinderda04223a030 a030 TUR s aNUS 030 TUR s aRQ 030 TUR s3 aTurangan, Lilyepenulis10aSeni budaya & warisan indonesia /cpenulis, Lily Turangan, Willyanto, Reza Fadhilla; penyunting, Fajar Gunawan, Tofandi Pranandya, Zaelani, Djoni Prasetyo, Norma Sutanti, Hesti Rastanti 4aIndonesia--vEnsiklopedi0 aWillyantoepenulis0 aReza Fadhillaepenulis0 aFajar Gunawanepenyunting0 aTofandi Pranandyaepenyunting0 aZaelaniepenyunting0 aDjoni Prasetyoepenyunting0 aNorma Sutantiepenyunting0 aHesti Rastantiepenyunting aYOPDYOG aJilid 1. Sejarah awal -- Jilid 2. Sejarah modern Jilid 3. Flora -- Jilid 4. Fauna -- Jilid 5. Olahraga dan permainan -- Jilid 6. Agama dan kepercayaan --Jilid 7. Manusia dan lingkungan budaya -- Jilid 8. Bahasa dan sastra -- Jilid 9. Arsitektur -- Jilid 10. Seni nasional -- Jilid 11. Seni pertunjukan -- Jilid 12. Teknologi 1aJakarta :bAku Bisa,c2014 2rdacontentateks 2rdamediaatanpa perantara 2rdacarrieravolume a... jilid :bilustrasi ;c30 cm aindeks aBibliografi : halaman 160 a18025-PD/B.15 a18026-PD/B.15 a18022-PD/B.15 a18021-PD/B.15 a18024-PD/B.15 a18018-PD/B.15 a18023-PD/B.15 a18020-PD/B.15 a18019-PD/B.15 a18027-PD/B.15 a18028-PD/B.15 a18029-PD/B.15 a19044-PD/B.15 a19045-PD/B.15 a19046-PD/B.15 a19047-PD/B.15 a19048-PD/B.15 a19049-PD/B.15 a19050-PD/B.15 a19051-PD/B.15 a19052-PD/B.15 a19053-PD/B.15 a19054-PD/B.15 a19055-PD/B.15 a19056-PD/B.15 a19057-PD/B.15 a19058-PD/B.15 a19059-PD/B.15 a19060-PD/B.15 a19061-PD/B.15 a19062-PD/B.15 a19063-PD/B.15 a19064-PD/B.15 a19065-PD/B.15 a19066-PD/B.15 a19067-PD/B.15 a19068-PD/B.15 a19069-PD/B.15 a19070-PD/B.15 a19071-PD/B.15 a19072-PD/B.15 a19073-PD/B.15 a19074-PD/B.15 a19075-PD/B.15 a19076-PD/B.15 a19077-PD/B.15 a19078-PD/B.15 a19079-PD/B.15 a19079-PD/B.15 a18025-PD/B.15 a18026-PD/B.15 a18022-PD/B.15 a18021-PD/B.15 a18024-PD/B.15 a18018-PD/B.15 a18023-PD/B.15 a18020-PD/B.15 a18019-PD/B.15 a18027-PD/B.15 a18028-PD/B.15 a18029-PD/B.15 a19044-PD/B.15 a19045-PD/B.15 a19046-PD/B.15 a19047-PD/B.15 a19048-PD/B.15 a19049-PD/B.15 a19050-PD/B.15 a19051-PD/B.15 a19052-PD/B.15 a19053-PD/B.15 a19054-PD/B.15 a19055-PD/B.15 a19056-PD/B.15 a19057-PD/B.15 a19058-PD/B.15 a19059-PD/B.15 a19060-PD/B.15 a19061-PD/B.15 a19062-PD/B.15 a19063-PD/B.15 a19064-PD/B.15 a19065-PD/B.15 a19066-PD/B.15 a19067-PD/B.15 a19068-PD/B.15 a19069-PD/B.15 a19070-PD/B.15 a19071-PD/B.15 a19072-PD/B.15 a19073-PD/B.15 a19074-PD/B.15 a19075-PD/B.15 a19076-PD/B.15 a19077-PD/B.15 a19078-PD/B.15 a19078-PD/B.15 a18025-PD/B.15 a18026-PD/B.15 a18022-PD/B.15 a18021-PD/B.15 a18024-PD/B.15 a18018-PD/B.15 a18023-PD/B.15 a18020-PD/B.15 a18019-PD/B.15 a18027-PD/B.15 a18028-PD/B.15 a18029-PD/B.15 a19044-PD/B.15 a19045-PD/B.15 a19046-PD/B.15 a19047-PD/B.15 a19048-PD/B.15 a19049-PD/B.15 a19050-PD/B.15 a19051-PD/B.15 a19052-PD/B.15 a19053-PD/B.15 a19054-PD/B.15 a19055-PD/B.15 a19056-PD/B.15 a19057-PD/B.15 a19058-PD/B.15 a19059-PD/B.15 a19060-PD/B.15 a19061-PD/B.15 a19062-PD/B.15 a19063-PD/B.15 a19064-PD/B.15 a19065-PD/B.15 a19066-PD/B.15 a19067-PD/B.15 a19068-PD/B.15 a19069-PD/B.15 a19070-PD/B.15 a19071-PD/B.15 a19072-PD/B.15 a19073-PD/B.15 a19074-PD/B.15 a19075-PD/B.15 a19076-PD/B.15 a19077-PD/B.15 a19079-PD/B.15 a19077-PD/B.15 a18025-PD/B.15 a18026-PD/B.15 a18022-PD/B.15 a18021-PD/B.15 a18024-PD/B.15 a18018-PD/B.15 a18023-PD/B.15 a18020-PD/B.15 a18019-PD/B.15 a18027-PD/B.15 a18028-PD/B.15 a18029-PD/B.15 a19044-PD/B.15 a19045-PD/B.15 a19046-PD/B.15 a19047-PD/B.15 a19048-PD/B.15 a19049-PD/B.15 a19050-PD/B.15 a19051-PD/B.15 a19052-PD/B.15 a19053-PD/B.15 a19054-PD/B.15 a19055-PD/B.15 a19056-PD/B.15 a19057-PD/B.15 a19058-PD/B.15 a19059-PD/B.15 a19060-PD/B.15 a19061-PD/B.15 a19062-PD/B.15 a19063-PD/B.15 a19064-PD/B.15 a19065-PD/B.15 a19066-PD/B.15 a19067-PD/B.15 a19068-PD/B.15 a19069-PD/B.15 a19070-PD/B.15 a19071-PD/B.15 a19072-PD/B.15 a19073-PD/B.15 a19074-PD/B.15 a19075-PD/B.15 a19076-PD/B.15 a19078-PD/B.15 a19079-PD/B.15 a19076-PD/B.15 a18025-PD/B.15 a18026-PD/B.15 a18022-PD/B.15 a18021-PD/B.15 a18024-PD/B.15 a18018-PD/B.15 a18023-PD/B.15 a18020-PD/B.15 a18019-PD/B.15 a18027-PD/B.15 a18028-PD/B.15 a18029-PD/B.15 a19044-PD/B.15 a19045-PD/B.15 a19046-PD/B.15 a19047-PD/B.15 a19048-PD/B.15 a19049-PD/B.15 a19050-PD/B.15 a19051-PD/B.15 a19052-PD/B.15 a19053-PD/B.15 a19054-PD/B.15 a19055-PD/B.15 a19056-PD/B.15 a19057-PD/B.15 a19058-PD/B.15 a19059-PD/B.15 a19060-PD/B.15 a19061-PD/B.15 a19062-PD/B.15 a19063-PD/B.15 a19064-PD/B.15 a19065-PD/B.15 a19066-PD/B.15 a19067-PD/B.15 a19068-PD/B.15 a19069-PD/B.15 a19070-PD/B.15 a19071-PD/B.15 a19072-PD/B.15 a19073-PD/B.15 a19074-PD/B.15 a19075-PD/B.15 a19077-PD/B.15 a19078-PD/B.15 a19079-PD/B.15 a19075-PD/B.15 a18025-PD/B.15 a18026-PD/B.15 a18022-PD/B.15 a18021-PD/B.15 a18024-PD/B.15 a18018-PD/B.15 a18023-PD/B.15 a18020-PD/B.15 a18019-PD/B.15 a18027-PD/B.15 a18028-PD/B.15 a18029-PD/B.15 a19044-PD/B.15 a19045-PD/B.15 a19046-PD/B.15 a19047-PD/B.15 a19048-PD/B.15 a19049-PD/B.15 a19050-PD/B.15 a19051-PD/B.15 a19052-PD/B.15 a19053-PD/B.15 a19054-PD/B.15 a19055-PD/B.15 a19056-PD/B.15 a19057-PD/B.15 a19058-PD/B.15 a19059-PD/B.15 a19060-PD/B.15 a19061-PD/B.15 a19062-PD/B.15 a19063-PD/B.15 a19064-PD/B.15 a19065-PD/B.15 a19066-PD/B.15 a19067-PD/B.15 a19068-PD/B.15 a19069-PD/B.15 a19070-PD/B.15 a19071-PD/B.15 a19072-PD/B.15 a19073-PD/B.15 a19074-PD/B.15 a19076-PD/B.15 a19077-PD/B.15 a19078-PD/B.15 a19079-PD/B.15 a19074-PD/B.15 a18025-PD/B.15 a18026-PD/B.15 a18022-PD/B.15 a18021-PD/B.15 a18024-PD/B.15 a18018-PD/B.15 a18023-PD/B.15 a18020-PD/B.15 a18019-PD/B.15 a18027-PD/B.15 a18028-PD/B.15 a18029-PD/B.15 a19044-PD/B.15 a19045-PD/B.15 a19046-PD/B.15 a19047-PD/B.15 a19048-PD/B.15 a19049-PD/B.15 a19050-PD/B.15 a19051-PD/B.15 a19052-PD/B.15 a19053-PD/B.15 a19054-PD/B.15 a19055-PD/B.15 a19056-PD/B.15 a19057-PD/B.15 a19058-PD/B.15 a19059-PD/B.15 a19060-PD/B.15 a19061-PD/B.15 a19062-PD/B.15 a19063-PD/B.15 a19064-PD/B.15 a19065-PD/B.15 a19066-PD/B.15 a19067-PD/B.15 a19068-PD/B.15 a19069-PD/B.15 a19070-PD/B.15 a19071-PD/B.15 a19072-PD/B.15 a19073-PD/B.15 a19075-PD/B.15 a19076-PD/B.15 a19077-PD/B.15 a19078-PD/B.15 a19079-PD/B.15 a19073-PD/B.15 a18025-PD/B.15 a18026-PD/B.15 a18022-PD/B.15 a18021-PD/B.15 a18024-PD/B.15 a18018-PD/B.15 a18023-PD/B.15 a18020-PD/B.15 a18019-PD/B.15 a18027-PD/B.15 a18028-PD/B.15 a18029-PD/B.15 a19044-PD/B.15 a19045-PD/B.15 a19046-PD/B.15 a19047-PD/B.15 a19048-PD/B.15 a19049-PD/B.15 a19050-PD/B.15 a19051-PD/B.15 a19052-PD/B.15 a19053-PD/B.15 a19054-PD/B.15 a19055-PD/B.15 a19056-PD/B.15 a19057-PD/B.15 a19058-PD/B.15 a19059-PD/B.15 a19060-PD/B.15 a19061-PD/B.15 a19062-PD/B.15 a19063-PD/B.15 a19064-PD/B.15 a19065-PD/B.15 a19066-PD/B.15 a19067-PD/B.15 a19068-PD/B.15 a19069-PD/B.15 a19070-PD/B.15 a19071-PD/B.15 a19072-PD/B.15 a19074-PD/B.15 a19075-PD/B.15 a19076-PD/B.15 a19077-PD/B.15 a19078-PD/B.15 a19079-PD/B.15 a19072-PD/B.15 a18025-PD/B.15 a18026-PD/B.15 a18022-PD/B.15 a18021-PD/B.15 a18024-PD/B.15 a18018-PD/B.15 a18023-PD/B.15 a18020-PD/B.15 a18019-PD/B.15 a18027-PD/B.15 a18028-PD/B.15 a18029-PD/B.15 a19044-PD/B.15 a19045-PD/B.15 a19046-PD/B.15 a19047-PD/B.15 a19048-PD/B.15 a19049-PD/B.15 a19050-PD/B.15 a19051-PD/B.15 a19052-PD/B.15 a19053-PD/B.15 a19054-PD/B.15 a19055-PD/B.15 a19056-PD/B.15 a19057-PD/B.15 a19058-PD/B.15 a19059-PD/B.15 a19060-PD/B.15 a19061-PD/B.15 a19062-PD/B.15 a19063-PD/B.15 a19064-PD/B.15 a19065-PD/B.15 a19066-PD/B.15 a19067-PD/B.15 a19068-PD/B.15 a19069-PD/B.15 a19070-PD/B.15 a19071-PD/B.15 a19073-PD/B.15 a19074-PD/B.15 a19075-PD/B.15 a19076-PD/B.15 a19077-PD/B.15 a19078-PD/B.15 a19079-PD/B.15 a19071-PD/B.15 a18025-PD/B.15 a18026-PD/B.15 a18022-PD/B.15 a18021-PD/B.15 a18024-PD/B.15 a18018-PD/B.15 a18023-PD/B.15 a18020-PD/B.15 a18019-PD/B.15 a18027-PD/B.15 a18028-PD/B.15 a18029-PD/B.15 a19044-PD/B.15 a19045-PD/B.15 a19046-PD/B.15 a19047-PD/B.15 a19048-PD/B.15 a19049-PD/B.15 a19050-PD/B.15 a19051-PD/B.15 a19052-PD/B.15 a19053-PD/B.15 a19054-PD/B.15 a19055-PD/B.15 a19056-PD/B.15 a19057-PD/B.15 a19058-PD/B.15 a19059-PD/B.15 a19060-PD/B.15 a19061-PD/B.15 a19062-PD/B.15 a19063-PD/B.15 a19064-PD/B.15 a19065-PD/B.15 a19066-PD/B.15 a19067-PD/B.15 a19068-PD/B.15 a19069-PD/B.15 a19070-PD/B.15 a19072-PD/B.15 a19073-PD/B.15 a19074-PD/B.15 a19075-PD/B.15 a19076-PD/B.15 a19077-PD/B.15 a19078-PD/B.15 a19079-PD/B.15 a19070-PD/B.15 a18025-PD/B.15 a18026-PD/B.15 a18022-PD/B.15 a18021-PD/B.15 a18024-PD/B.15 a18018-PD/B.15 a18023-PD/B.15 a18020-PD/B.15 a18019-PD/B.15 a18027-PD/B.15 a18028-PD/B.15 a18029-PD/B.15 a19044-PD/B.15 a19045-PD/B.15 a19046-PD/B.15 a19047-PD/B.15 a19048-PD/B.15 a19049-PD/B.15 a19050-PD/B.15 a19051-PD/B.15 a19052-PD/B.15 a19053-PD/B.15 a19054-PD/B.15 a19055-PD/B.15 a19056-PD/B.15 a19057-PD/B.15 a19058-PD/B.15 a19059-PD/B.15 a19060-PD/B.15 a19061-PD/B.15 a19062-PD/B.15 a19063-PD/B.15 a19064-PD/B.15 a19065-PD/B.15 a19066-PD/B.15 a19067-PD/B.15 a19068-PD/B.15 a19069-PD/B.15 a19071-PD/B.15 a19072-PD/B.15 a19073-PD/B.15 a19074-PD/B.15 a19075-PD/B.15 a19076-PD/B.15 a19077-PD/B.15 a19078-PD/B.15 a19079-PD/B.15 a19069-PD/B.15 a18025-PD/B.15 a18026-PD/B.15 a18022-PD/B.15 a18021-PD/B.15 a18024-PD/B.15 a18018-PD/B.15 a18023-PD/B.15 a18020-PD/B.15 a18019-PD/B.15 a18027-PD/B.15 a18028-PD/B.15 a18029-PD/B.15 a19044-PD/B.15 a19045-PD/B.15 a19046-PD/B.15 a19047-PD/B.15 a19048-PD/B.15 a19049-PD/B.15 a19050-PD/B.15 a19051-PD/B.15 a19052-PD/B.15 a19053-PD/B.15 a19054-PD/B.15 a19055-PD/B.15 a19056-PD/B.15 a19057-PD/B.15 a19058-PD/B.15 a19059-PD/B.15 a19060-PD/B.15 a19061-PD/B.15 a19062-PD/B.15 a19063-PD/B.15 a19064-PD/B.15 a19065-PD/B.15 a19066-PD/B.15 a19067-PD/B.15 a19068-PD/B.15 a19070-PD/B.15 a19071-PD/B.15 a19072-PD/B.15 a19073-PD/B.15 a19074-PD/B.15 a19075-PD/B.15 a19076-PD/B.15 a19077-PD/B.15 a19078-PD/B.15 a19079-PD/B.15 a19068-PD/B.15 a18025-PD/B.15 a18026-PD/B.15 a18022-PD/B.15 a18021-PD/B.15 a18024-PD/B.15 a18018-PD/B.15 a18023-PD/B.15 a18020-PD/B.15 a18019-PD/B.15 a18027-PD/B.15 a18028-PD/B.15 a18029-PD/B.15 a19044-PD/B.15 a19045-PD/B.15 a19046-PD/B.15 a19047-PD/B.15 a19048-PD/B.15 a19049-PD/B.15 a19050-PD/B.15 a19051-PD/B.15 a19052-PD/B.15 a19053-PD/B.15 a19054-PD/B.15 a19055-PD/B.15 a19056-PD/B.15 a19057-PD/B.15 a19058-PD/B.15 a19059-PD/B.15 a19060-PD/B.15 a19061-PD/B.15 a19062-PD/B.15 a19063-PD/B.15 a19064-PD/B.15 a19065-PD/B.15 a19066-PD/B.15 a19067-PD/B.15 a19069-PD/B.15 a19070-PD/B.15 a19071-PD/B.15 a19072-PD/B.15 a19073-PD/B.15 a19074-PD/B.15 a19075-PD/B.15 a19076-PD/B.15 a19077-PD/B.15 a19078-PD/B.15 a19079-PD/B.15 a19067-PD/B.15 a18025-PD/B.15 a18026-PD/B.15 a18022-PD/B.15 a18021-PD/B.15 a18024-PD/B.15 a18018-PD/B.15 a18023-PD/B.15 a18020-PD/B.15 a18019-PD/B.15 a18027-PD/B.15 a18028-PD/B.15 a18029-PD/B.15 a19044-PD/B.15 a19045-PD/B.15 a19046-PD/B.15 a19047-PD/B.15 a19048-PD/B.15 a19049-PD/B.15 a19050-PD/B.15 a19051-PD/B.15 a19052-PD/B.15 a19053-PD/B.15 a19054-PD/B.15 a19055-PD/B.15 a19056-PD/B.15 a19057-PD/B.15 a19058-PD/B.15 a19059-PD/B.15 a19060-PD/B.15 a19061-PD/B.15 a19062-PD/B.15 a19063-PD/B.15 a19064-PD/B.15 a19065-PD/B.15 a19066-PD/B.15 a19068-PD/B.15 a19069-PD/B.15 a19070-PD/B.15 a19071-PD/B.15 a19072-PD/B.15 a19073-PD/B.15 a19074-PD/B.15 a19075-PD/B.15 a19076-PD/B.15 a19077-PD/B.15 a19078-PD/B.15 a19079-PD/B.15 a19066-PD/B.15 a18025-PD/B.15 a18026-PD/B.15 a18022-PD/B.15 a18021-PD/B.15 a18024-PD/B.15 a18018-PD/B.15 a18023-PD/B.15 a18020-PD/B.15 a18019-PD/B.15 a18027-PD/B.15 a18028-PD/B.15 a18029-PD/B.15 a19044-PD/B.15 a19045-PD/B.15 a19046-PD/B.15 a19047-PD/B.15 a19048-PD/B.15 a19049-PD/B.15 a19050-PD/B.15 a19051-PD/B.15 a19052-PD/B.15 a19053-PD/B.15 a19054-PD/B.15 a19055-PD/B.15 a19056-PD/B.15 a19057-PD/B.15 a19058-PD/B.15 a19059-PD/B.15 a19060-PD/B.15 a19061-PD/B.15 a19062-PD/B.15 a19063-PD/B.15 a19064-PD/B.15 a19065-PD/B.15 a19067-PD/B.15 a19068-PD/B.15 a19069-PD/B.15 a19070-PD/B.15 a19071-PD/B.15 a19072-PD/B.15 a19073-PD/B.15 a19074-PD/B.15 a19075-PD/B.15 a19076-PD/B.15 a19077-PD/B.15 a19078-PD/B.15 a19079-PD/B.15 a19065-PD/B.15 a18025-PD/B.15 a18026-PD/B.15 a18022-PD/B.15 a18021-PD/B.15 a18024-PD/B.15 a18018-PD/B.15 a18023-PD/B.15 a18020-PD/B.15 a18019-PD/B.15 a18027-PD/B.15 a18028-PD/B.15 a18029-PD/B.15 a19044-PD/B.15 a19045-PD/B.15 a19046-PD/B.15 a19047-PD/B.15 a19048-PD/B.15 a19049-PD/B.15 a19050-PD/B.15 a19051-PD/B.15 a19052-PD/B.15 a19053-PD/B.15 a19054-PD/B.15 a19055-PD/B.15 a19056-PD/B.15 a19057-PD/B.15 a19058-PD/B.15 a19059-PD/B.15 a19060-PD/B.15 a19061-PD/B.15 a19062-PD/B.15 a19063-PD/B.15 a19064-PD/B.15 a19066-PD/B.15 a19067-PD/B.15 a19068-PD/B.15 a19069-PD/B.15 a19070-PD/B.15 a19071-PD/B.15 a19072-PD/B.15 a19073-PD/B.15 a19074-PD/B.15 a19075-PD/B.15 a19076-PD/B.15 a19077-PD/B.15 a19078-PD/B.15 a19079-PD/B.15 a19064-PD/B.15 a18025-PD/B.15 a18026-PD/B.15 a18022-PD/B.15 a18021-PD/B.15 a18024-PD/B.15 a18018-PD/B.15 a18023-PD/B.15 a18020-PD/B.15 a18019-PD/B.15 a18027-PD/B.15 a18028-PD/B.15 a18029-PD/B.15 a19044-PD/B.15 a19045-PD/B.15 a19046-PD/B.15 a19047-PD/B.15 a19048-PD/B.15 a19049-PD/B.15 a19050-PD/B.15 a19051-PD/B.15 a19052-PD/B.15 a19053-PD/B.15 a19054-PD/B.15 a19055-PD/B.15 a19056-PD/B.15 a19057-PD/B.15 a19058-PD/B.15 a19059-PD/B.15 a19060-PD/B.15 a19061-PD/B.15 a19062-PD/B.15 a19063-PD/B.15 a19065-PD/B.15 a19066-PD/B.15 a19067-PD/B.15 a19068-PD/B.15 a19069-PD/B.15 a19070-PD/B.15 a19071-PD/B.15 a19072-PD/B.15 a19073-PD/B.15 a19074-PD/B.15 a19075-PD/B.15 a19076-PD/B.15 a19077-PD/B.15 a19078-PD/B.15 a19079-PD/B.15 a19063-PD/B.15 a18025-PD/B.15 a18026-PD/B.15 a18022-PD/B.15 a18021-PD/B.15 a18024-PD/B.15 a18018-PD/B.15 a18023-PD/B.15 a18020-PD/B.15 a18019-PD/B.15 a18027-PD/B.15 a18028-PD/B.15 a18029-PD/B.15 a19044-PD/B.15 a19045-PD/B.15 a19046-PD/B.15 a19047-PD/B.15 a19048-PD/B.15 a19049-PD/B.15 a19050-PD/B.15 a19051-PD/B.15 a19052-PD/B.15 a19053-PD/B.15 a19054-PD/B.15 a19055-PD/B.15 a19056-PD/B.15 a19057-PD/B.15 a19058-PD/B.15 a19059-PD/B.15 a19060-PD/B.15 a19061-PD/B.15 a19062-PD/B.15 a19064-PD/B.15 a19065-PD/B.15 a19066-PD/B.15 a19067-PD/B.15 a19068-PD/B.15 a19069-PD/B.15 a19070-PD/B.15 a19071-PD/B.15 a19072-PD/B.15 a19073-PD/B.15 a19074-PD/B.15 a19075-PD/B.15 a19076-PD/B.15 a19077-PD/B.15 a19078-PD/B.15 a19079-PD/B.15 a19062-PD/B.15 a18025-PD/B.15 a18026-PD/B.15 a18022-PD/B.15 a18021-PD/B.15 a18024-PD/B.15 a18018-PD/B.15 a18023-PD/B.15 a18020-PD/B.15 a18019-PD/B.15 a18027-PD/B.15 a18028-PD/B.15 a18029-PD/B.15 a19044-PD/B.15 a19045-PD/B.15 a19046-PD/B.15 a19047-PD/B.15 a19048-PD/B.15 a19049-PD/B.15 a19050-PD/B.15 a19051-PD/B.15 a19052-PD/B.15 a19053-PD/B.15 a19054-PD/B.15 a19055-PD/B.15 a19056-PD/B.15 a19057-PD/B.15 a19058-PD/B.15 a19059-PD/B.15 a19060-PD/B.15 a19061-PD/B.15 a19063-PD/B.15 a19064-PD/B.15 a19065-PD/B.15 a19066-PD/B.15 a19067-PD/B.15 a19068-PD/B.15 a19069-PD/B.15 a19070-PD/B.15 a19071-PD/B.15 a19072-PD/B.15 a19073-PD/B.15 a19074-PD/B.15 a19075-PD/B.15 a19076-PD/B.15 a19077-PD/B.15 a19078-PD/B.15 a19079-PD/B.15 a19061-PD/B.15 a18025-PD/B.15 a18026-PD/B.15 a18022-PD/B.15 a18021-PD/B.15 a18024-PD/B.15 a18018-PD/B.15 a18023-PD/B.15 a18020-PD/B.15 a18019-PD/B.15 a18027-PD/B.15 a18028-PD/B.15 a18029-PD/B.15 a19044-PD/B.15 a19045-PD/B.15 a19046-PD/B.15 a19047-PD/B.15 a19048-PD/B.15 a19049-PD/B.15 a19050-PD/B.15 a19051-PD/B.15 a19052-PD/B.15 a19053-PD/B.15 a19054-PD/B.15 a19055-PD/B.15 a19056-PD/B.15 a19057-PD/B.15 a19058-PD/B.15 a19059-PD/B.15 a19060-PD/B.15 a19062-PD/B.15 a19063-PD/B.15 a19064-PD/B.15 a19065-PD/B.15 a19066-PD/B.15 a19067-PD/B.15 a19068-PD/B.15 a19069-PD/B.15 a19070-PD/B.15 a19071-PD/B.15 a19072-PD/B.15 a19073-PD/B.15 a19074-PD/B.15 a19075-PD/B.15 a19076-PD/B.15 a19077-PD/B.15 a19078-PD/B.15 a19079-PD/B.15 a19060-PD/B.15 a18025-PD/B.15 a18026-PD/B.15 a18022-PD/B.15 a18021-PD/B.15 a18024-PD/B.15 a18018-PD/B.15 a18023-PD/B.15 a18020-PD/B.15 a18019-PD/B.15 a18027-PD/B.15 a18028-PD/B.15 a18029-PD/B.15 a19044-PD/B.15 a19045-PD/B.15 a19046-PD/B.15 a19047-PD/B.15 a19048-PD/B.15 a19049-PD/B.15 a19050-PD/B.15 a19051-PD/B.15 a19052-PD/B.15 a19053-PD/B.15 a19054-PD/B.15 a19055-PD/B.15 a19056-PD/B.15 a19057-PD/B.15 a19058-PD/B.15 a19059-PD/B.15 a19061-PD/B.15 a19062-PD/B.15 a19063-PD/B.15 a19064-PD/B.15 a19065-PD/B.15 a19066-PD/B.15 a19067-PD/B.15 a19068-PD/B.15 a19069-PD/B.15 a19070-PD/B.15 a19071-PD/B.15 a19072-PD/B.15 a19073-PD/B.15 a19074-PD/B.15 a19075-PD/B.15 a19076-PD/B.15 a19077-PD/B.15 a19078-PD/B.15 a19079-PD/B.15 a19059-PD/B.15 a18025-PD/B.15 a18026-PD/B.15 a18022-PD/B.15 a18021-PD/B.15 a18024-PD/B.15 a18018-PD/B.15 a18023-PD/B.15 a18020-PD/B.15 a18019-PD/B.15 a18027-PD/B.15 a18028-PD/B.15 a18029-PD/B.15 a19044-PD/B.15 a19045-PD/B.15 a19046-PD/B.15 a19047-PD/B.15 a19048-PD/B.15 a19049-PD/B.15 a19050-PD/B.15 a19051-PD/B.15 a19052-PD/B.15 a19053-PD/B.15 a19054-PD/B.15 a19055-PD/B.15 a19056-PD/B.15 a19057-PD/B.15 a19058-PD/B.15 a19060-PD/B.15 a19061-PD/B.15 a19062-PD/B.15 a19063-PD/B.15 a19064-PD/B.15 a19065-PD/B.15 a19066-PD/B.15 a19067-PD/B.15 a19068-PD/B.15 a19069-PD/B.15 a19070-PD/B.15 a19071-PD/B.15 a19072-PD/B.15 a19073-PD/B.15 a19074-PD/B.15 a19075-PD/B.15 a19076-PD/B.15 a19077-PD/B.15 a19078-PD/B.15 a19079-PD/B.15 a19058-PD/B.15 a18025-PD/B.15 a18026-PD/B.15 a18022-PD/B.15 a18021-PD/B.15 a18024-PD/B.15 a18018-PD/B.15 a18023-PD/B.15 a18020-PD/B.15 a18019-PD/B.15 a18027-PD/B.15 a18028-PD/B.15 a18029-PD/B.15 a19044-PD/B.15 a19045-PD/B.15 a19046-PD/B.15 a19047-PD/B.15 a19048-PD/B.15 a19049-PD/B.15 a19050-PD/B.15 a19051-PD/B.15 a19052-PD/B.15 a19053-PD/B.15 a19054-PD/B.15 a19055-PD/B.15 a19056-PD/B.15 a19057-PD/B.15 a19059-PD/B.15 a19060-PD/B.15 a19061-PD/B.15 a19062-PD/B.15 a19063-PD/B.15 a19064-PD/B.15 a19065-PD/B.15 a19066-PD/B.15 a19067-PD/B.15 a19068-PD/B.15 a19069-PD/B.15 a19070-PD/B.15 a19071-PD/B.15 a19072-PD/B.15 a19073-PD/B.15 a19074-PD/B.15 a19075-PD/B.15 a19076-PD/B.15 a19077-PD/B.15 a19078-PD/B.15 a19079-PD/B.15 a19057-PD/B.15 a18025-PD/B.15 a18026-PD/B.15 a18022-PD/B.15 a18021-PD/B.15 a18024-PD/B.15 a18018-PD/B.15 a18023-PD/B.15 a18020-PD/B.15 a18019-PD/B.15 a18027-PD/B.15 a18028-PD/B.15 a18029-PD/B.15 a19044-PD/B.15 a19045-PD/B.15 a19046-PD/B.15 a19047-PD/B.15 a19048-PD/B.15 a19049-PD/B.15 a19050-PD/B.15 a19051-PD/B.15 a19052-PD/B.15 a19053-PD/B.15 a19054-PD/B.15 a19055-PD/B.15 a19056-PD/B.15 a19058-PD/B.15 a19059-PD/B.15 a19060-PD/B.15 a19061-PD/B.15 a19062-PD/B.15 a19063-PD/B.15 a19064-PD/B.15 a19065-PD/B.15 a19066-PD/B.15 a19067-PD/B.15 a19068-PD/B.15 a19069-PD/B.15 a19070-PD/B.15 a19071-PD/B.15 a19072-PD/B.15 a19073-PD/B.15 a19074-PD/B.15 a19075-PD/B.15 a19076-PD/B.15 a19077-PD/B.15 a19078-PD/B.15 a19079-PD/B.15 a19056-PD/B.15 a18025-PD/B.15 a18026-PD/B.15 a18022-PD/B.15 a18021-PD/B.15 a18024-PD/B.15 a18018-PD/B.15 a18023-PD/B.15 a18020-PD/B.15 a18019-PD/B.15 a18027-PD/B.15 a18028-PD/B.15 a18029-PD/B.15 a19044-PD/B.15 a19045-PD/B.15 a19046-PD/B.15 a19047-PD/B.15 a19048-PD/B.15 a19049-PD/B.15 a19050-PD/B.15 a19051-PD/B.15 a19052-PD/B.15 a19053-PD/B.15 a19054-PD/B.15 a19055-PD/B.15 a19057-PD/B.15 a19058-PD/B.15 a19059-PD/B.15 a19060-PD/B.15 a19061-PD/B.15 a19062-PD/B.15 a19063-PD/B.15 a19064-PD/B.15 a19065-PD/B.15 a19066-PD/B.15 a19067-PD/B.15 a19068-PD/B.15 a19069-PD/B.15 a19070-PD/B.15 a19071-PD/B.15 a19072-PD/B.15 a19073-PD/B.15 a19074-PD/B.15 a19075-PD/B.15 a19076-PD/B.15 a19077-PD/B.15 a19078-PD/B.15 a19079-PD/B.15 a19055-PD/B.15 a18025-PD/B.15 a18026-PD/B.15 a18022-PD/B.15 a18021-PD/B.15 a18024-PD/B.15 a18018-PD/B.15 a18023-PD/B.15 a18020-PD/B.15 a18019-PD/B.15 a18027-PD/B.15 a18028-PD/B.15 a18029-PD/B.15 a19044-PD/B.15 a19045-PD/B.15 a19046-PD/B.15 a19047-PD/B.15 a19048-PD/B.15 a19049-PD/B.15 a19050-PD/B.15 a19051-PD/B.15 a19052-PD/B.15 a19053-PD/B.15 a19054-PD/B.15 a19056-PD/B.15 a19057-PD/B.15 a19058-PD/B.15 a19059-PD/B.15 a19060-PD/B.15 a19061-PD/B.15 a19062-PD/B.15 a19063-PD/B.15 a19064-PD/B.15 a19065-PD/B.15 a19066-PD/B.15 a19067-PD/B.15 a19068-PD/B.15 a19069-PD/B.15 a19070-PD/B.15 a19071-PD/B.15 a19072-PD/B.15 a19073-PD/B.15 a19074-PD/B.15 a19075-PD/B.15 a19076-PD/B.15 a19077-PD/B.15 a19078-PD/B.15 a19079-PD/B.15 a19054-PD/B.15 a18025-PD/B.15 a18026-PD/B.15 a18022-PD/B.15 a18021-PD/B.15 a18024-PD/B.15 a18018-PD/B.15 a18023-PD/B.15 a18020-PD/B.15 a18019-PD/B.15 a18027-PD/B.15 a18028-PD/B.15 a18029-PD/B.15 a19044-PD/B.15 a19045-PD/B.15 a19046-PD/B.15 a19047-PD/B.15 a19048-PD/B.15 a19049-PD/B.15 a19050-PD/B.15 a19051-PD/B.15 a19052-PD/B.15 a19053-PD/B.15 a19055-PD/B.15 a19056-PD/B.15 a19057-PD/B.15 a19058-PD/B.15 a19059-PD/B.15 a19060-PD/B.15 a19061-PD/B.15 a19062-PD/B.15 a19063-PD/B.15 a19064-PD/B.15 a19065-PD/B.15 a19066-PD/B.15 a19067-PD/B.15 a19068-PD/B.15 a19069-PD/B.15 a19070-PD/B.15 a19071-PD/B.15 a19072-PD/B.15 a19073-PD/B.15 a19074-PD/B.15 a19075-PD/B.15 a19076-PD/B.15 a19077-PD/B.15 a19078-PD/B.15 a19079-PD/B.15 a19053-PD/B.15 a18025-PD/B.15 a18026-PD/B.15 a18022-PD/B.15 a18021-PD/B.15 a18024-PD/B.15 a18018-PD/B.15 a18023-PD/B.15 a18020-PD/B.15 a18019-PD/B.15 a18027-PD/B.15 a18028-PD/B.15 a18029-PD/B.15 a19044-PD/B.15 a19045-PD/B.15 a19046-PD/B.15 a19047-PD/B.15 a19048-PD/B.15 a19049-PD/B.15 a19050-PD/B.15 a19051-PD/B.15 a19052-PD/B.15 a19054-PD/B.15 a19055-PD/B.15 a19056-PD/B.15 a19057-PD/B.15 a19058-PD/B.15 a19059-PD/B.15 a19060-PD/B.15 a19061-PD/B.15 a19062-PD/B.15 a19063-PD/B.15 a19064-PD/B.15 a19065-PD/B.15 a19066-PD/B.15 a19067-PD/B.15 a19068-PD/B.15 a19069-PD/B.15 a19070-PD/B.15 a19071-PD/B.15 a19072-PD/B.15 a19073-PD/B.15 a19074-PD/B.15 a19075-PD/B.15 a19076-PD/B.15 a19077-PD/B.15 a19078-PD/B.15 a19079-PD/B.15 a19052-PD/B.15 a18025-PD/B.15 a18026-PD/B.15 a18022-PD/B.15 a18021-PD/B.15 a18024-PD/B.15 a18018-PD/B.15 a18023-PD/B.15 a18020-PD/B.15 a18019-PD/B.15 a18027-PD/B.15 a18028-PD/B.15 a18029-PD/B.15 a19044-PD/B.15 a19045-PD/B.15 a19046-PD/B.15 a19047-PD/B.15 a19048-PD/B.15 a19049-PD/B.15 a19050-PD/B.15 a19051-PD/B.15 a19053-PD/B.15 a19054-PD/B.15 a19055-PD/B.15 a19056-PD/B.15 a19057-PD/B.15 a19058-PD/B.15 a19059-PD/B.15 a19060-PD/B.15 a19061-PD/B.15 a19062-PD/B.15 a19063-PD/B.15 a19064-PD/B.15 a19065-PD/B.15 a19066-PD/B.15 a19067-PD/B.15 a19068-PD/B.15 a19069-PD/B.15 a19070-PD/B.15 a19071-PD/B.15 a19072-PD/B.15 a19073-PD/B.15 a19074-PD/B.15 a19075-PD/B.15 a19076-PD/B.15 a19077-PD/B.15 a19078-PD/B.15 a19079-PD/B.15 a19051-PD/B.15 a18025-PD/B.15 a18026-PD/B.15 a18022-PD/B.15 a18021-PD/B.15 a18024-PD/B.15 a18018-PD/B.15 a18023-PD/B.15 a18020-PD/B.15 a18019-PD/B.15 a18027-PD/B.15 a18028-PD/B.15 a18029-PD/B.15 a19044-PD/B.15 a19045-PD/B.15 a19046-PD/B.15 a19047-PD/B.15 a19048-PD/B.15 a19049-PD/B.15 a19050-PD/B.15 a19052-PD/B.15 a19053-PD/B.15 a19054-PD/B.15 a19055-PD/B.15 a19056-PD/B.15 a19057-PD/B.15 a19058-PD/B.15 a19059-PD/B.15 a19060-PD/B.15 a19061-PD/B.15 a19062-PD/B.15 a19063-PD/B.15 a19064-PD/B.15 a19065-PD/B.15 a19066-PD/B.15 a19067-PD/B.15 a19068-PD/B.15 a19069-PD/B.15 a19070-PD/B.15 a19071-PD/B.15 a19072-PD/B.15 a19073-PD/B.15 a19074-PD/B.15 a19075-PD/B.15 a19076-PD/B.15 a19077-PD/B.15 a19078-PD/B.15 a19079-PD/B.15 a19050-PD/B.15 a18025-PD/B.15 a18026-PD/B.15 a18022-PD/B.15 a18021-PD/B.15 a18024-PD/B.15 a18018-PD/B.15 a18023-PD/B.15 a18020-PD/B.15 a18019-PD/B.15 a18027-PD/B.15 a18028-PD/B.15 a18029-PD/B.15 a19044-PD/B.15 a19045-PD/B.15 a19046-PD/B.15 a19047-PD/B.15 a19048-PD/B.15 a19049-PD/B.15 a19051-PD/B.15 a19052-PD/B.15 a19053-PD/B.15 a19054-PD/B.15 a19055-PD/B.15 a19056-PD/B.15 a19057-PD/B.15 a19058-PD/B.15 a19059-PD/B.15 a19060-PD/B.15 a19061-PD/B.15 a19062-PD/B.15 a19063-PD/B.15 a19064-PD/B.15 a19065-PD/B.15 a19066-PD/B.15 a19067-PD/B.15 a19068-PD/B.15 a19069-PD/B.15 a19070-PD/B.15 a19071-PD/B.15 a19072-PD/B.15 a19073-PD/B.15 a19074-PD/B.15 a19075-PD/B.15 a19076-PD/B.15 a19077-PD/B.15 a19078-PD/B.15 a19079-PD/B.15 a19049-PD/B.15 a18025-PD/B.15 a18026-PD/B.15 a18022-PD/B.15 a18021-PD/B.15 a18024-PD/B.15 a18018-PD/B.15 a18023-PD/B.15 a18020-PD/B.15 a18019-PD/B.15 a18027-PD/B.15 a18028-PD/B.15 a18029-PD/B.15 a19044-PD/B.15 a19045-PD/B.15 a19046-PD/B.15 a19047-PD/B.15 a19048-PD/B.15 a19050-PD/B.15 a19051-PD/B.15 a19052-PD/B.15 a19053-PD/B.15 a19054-PD/B.15 a19055-PD/B.15 a19056-PD/B.15 a19057-PD/B.15 a19058-PD/B.15 a19059-PD/B.15 a19060-PD/B.15 a19061-PD/B.15 a19062-PD/B.15 a19063-PD/B.15 a19064-PD/B.15 a19065-PD/B.15 a19066-PD/B.15 a19067-PD/B.15 a19068-PD/B.15 a19069-PD/B.15 a19070-PD/B.15 a19071-PD/B.15 a19072-PD/B.15 a19073-PD/B.15 a19074-PD/B.15 a19075-PD/B.15 a19076-PD/B.15 a19077-PD/B.15 a19078-PD/B.15 a19079-PD/B.15 a19048-PD/B.15 a18025-PD/B.15 a18026-PD/B.15 a18022-PD/B.15 a18021-PD/B.15 a18024-PD/B.15 a18018-PD/B.15 a18023-PD/B.15 a18020-PD/B.15 a18019-PD/B.15 a18027-PD/B.15 a18028-PD/B.15 a18029-PD/B.15 a19044-PD/B.15 a19045-PD/B.15 a19046-PD/B.15 a19047-PD/B.15 a19049-PD/B.15 a19050-PD/B.15 a19051-PD/B.15 a19052-PD/B.15 a19053-PD/B.15 a19054-PD/B.15 a19055-PD/B.15 a19056-PD/B.15 a19057-PD/B.15 a19058-PD/B.15 a19059-PD/B.15 a19060-PD/B.15 a19061-PD/B.15 a19062-PD/B.15 a19063-PD/B.15 a19064-PD/B.15 a19065-PD/B.15 a19066-PD/B.15 a19067-PD/B.15 a19068-PD/B.15 a19069-PD/B.15 a19070-PD/B.15 a19071-PD/B.15 a19072-PD/B.15 a19073-PD/B.15 a19074-PD/B.15 a19075-PD/B.15 a19076-PD/B.15 a19077-PD/B.15 a19078-PD/B.15 a19079-PD/B.15 a19047-PD/B.15 a18025-PD/B.15 a18026-PD/B.15 a18022-PD/B.15 a18021-PD/B.15 a18024-PD/B.15 a18018-PD/B.15 a18023-PD/B.15 a18020-PD/B.15 a18019-PD/B.15 a18027-PD/B.15 a18028-PD/B.15 a18029-PD/B.15 a19044-PD/B.15 a19045-PD/B.15 a19046-PD/B.15 a19048-PD/B.15 a19049-PD/B.15 a19050-PD/B.15 a19051-PD/B.15 a19052-PD/B.15 a19053-PD/B.15 a19054-PD/B.15 a19055-PD/B.15 a19056-PD/B.15 a19057-PD/B.15 a19058-PD/B.15 a19059-PD/B.15 a19060-PD/B.15 a19061-PD/B.15 a19062-PD/B.15 a19063-PD/B.15 a19064-PD/B.15 a19065-PD/B.15 a19066-PD/B.15 a19067-PD/B.15 a19068-PD/B.15 a19069-PD/B.15 a19070-PD/B.15 a19071-PD/B.15 a19072-PD/B.15 a19073-PD/B.15 a19074-PD/B.15 a19075-PD/B.15 a19076-PD/B.15 a19077-PD/B.15 a19078-PD/B.15 a19079-PD/B.15 a19046-PD/B.15 a18025-PD/B.15 a18026-PD/B.15 a18022-PD/B.15 a18021-PD/B.15 a18024-PD/B.15 a18018-PD/B.15 a18023-PD/B.15 a18020-PD/B.15 a18019-PD/B.15 a18027-PD/B.15 a18028-PD/B.15 a18029-PD/B.15 a19044-PD/B.15 a19045-PD/B.15 a19047-PD/B.15 a19048-PD/B.15 a19049-PD/B.15 a19050-PD/B.15 a19051-PD/B.15 a19052-PD/B.15 a19053-PD/B.15 a19054-PD/B.15 a19055-PD/B.15 a19056-PD/B.15 a19057-PD/B.15 a19058-PD/B.15 a19059-PD/B.15 a19060-PD/B.15 a19061-PD/B.15 a19062-PD/B.15 a19063-PD/B.15 a19064-PD/B.15 a19065-PD/B.15 a19066-PD/B.15 a19067-PD/B.15 a19068-PD/B.15 a19069-PD/B.15 a19070-PD/B.15 a19071-PD/B.15 a19072-PD/B.15 a19073-PD/B.15 a19074-PD/B.15 a19075-PD/B.15 a19076-PD/B.15 a19077-PD/B.15 a19078-PD/B.15 a19079-PD/B.15 a19045-PD/B.15 a18025-PD/B.15 a18026-PD/B.15 a18022-PD/B.15 a18021-PD/B.15 a18024-PD/B.15 a18018-PD/B.15 a18023-PD/B.15 a18020-PD/B.15 a18019-PD/B.15 a18027-PD/B.15 a18028-PD/B.15 a18029-PD/B.15 a19044-PD/B.15 a19046-PD/B.15 a19047-PD/B.15 a19048-PD/B.15 a19049-PD/B.15 a19050-PD/B.15 a19051-PD/B.15 a19052-PD/B.15 a19053-PD/B.15 a19054-PD/B.15 a19055-PD/B.15 a19056-PD/B.15 a19057-PD/B.15 a19058-PD/B.15 a19059-PD/B.15 a19060-PD/B.15 a19061-PD/B.15 a19062-PD/B.15 a19063-PD/B.15 a19064-PD/B.15 a19065-PD/B.15 a19066-PD/B.15 a19067-PD/B.15 a19068-PD/B.15 a19069-PD/B.15 a19070-PD/B.15 a19071-PD/B.15 a19072-PD/B.15 a19073-PD/B.15 a19074-PD/B.15 a19075-PD/B.15 a19076-PD/B.15 a19077-PD/B.15 a19078-PD/B.15 a19079-PD/B.15 a19044-PD/B.15 a18025-PD/B.15 a18026-PD/B.15 a18022-PD/B.15 a18021-PD/B.15 a18024-PD/B.15 a18018-PD/B.15 a18023-PD/B.15 a18020-PD/B.15 a18019-PD/B.15 a18027-PD/B.15 a18028-PD/B.15 a18029-PD/B.15 a19045-PD/B.15 a19046-PD/B.15 a19047-PD/B.15 a19048-PD/B.15 a19049-PD/B.15 a19050-PD/B.15 a19051-PD/B.15 a19052-PD/B.15 a19053-PD/B.15 a19054-PD/B.15 a19055-PD/B.15 a19056-PD/B.15 a19057-PD/B.15 a19058-PD/B.15 a19059-PD/B.15 a19060-PD/B.15 a19061-PD/B.15 a19062-PD/B.15 a19063-PD/B.15 a19064-PD/B.15 a19065-PD/B.15 a19066-PD/B.15 a19067-PD/B.15 a19068-PD/B.15 a19069-PD/B.15 a19070-PD/B.15 a19071-PD/B.15 a19072-PD/B.15 a19073-PD/B.15 a19074-PD/B.15 a19075-PD/B.15 a19076-PD/B.15 a19077-PD/B.15 a19078-PD/B.15 a19079-PD/B.15 a18029-PD/B.15 a18025-PD/B.15 a18026-PD/B.15 a18022-PD/B.15 a18021-PD/B.15 a18024-PD/B.15 a18018-PD/B.15 a18023-PD/B.15 a18020-PD/B.15 a18019-PD/B.15 a18027-PD/B.15 a18028-PD/B.15 a19044-PD/B.15 a19045-PD/B.15 a19046-PD/B.15 a19047-PD/B.15 a19048-PD/B.15 a19049-PD/B.15 a19050-PD/B.15 a19051-PD/B.15 a19052-PD/B.15 a19053-PD/B.15 a19054-PD/B.15 a19055-PD/B.15 a19056-PD/B.15 a19057-PD/B.15 a19058-PD/B.15 a19059-PD/B.15 a19060-PD/B.15 a19061-PD/B.15 a19062-PD/B.15 a19063-PD/B.15 a19064-PD/B.15 a19065-PD/B.15 a19066-PD/B.15 a19067-PD/B.15 a19068-PD/B.15 a19069-PD/B.15 a19070-PD/B.15 a19071-PD/B.15 a19072-PD/B.15 a19073-PD/B.15 a19074-PD/B.15 a19075-PD/B.15 a19076-PD/B.15 a19077-PD/B.15 a19078-PD/B.15 a19079-PD/B.15 a18028-PD/B.15 a18025-PD/B.15 a18026-PD/B.15 a18022-PD/B.15 a18021-PD/B.15 a18024-PD/B.15 a18018-PD/B.15 a18023-PD/B.15 a18020-PD/B.15 a18019-PD/B.15 a18027-PD/B.15 a18029-PD/B.15 a19044-PD/B.15 a19045-PD/B.15 a19046-PD/B.15 a19047-PD/B.15 a19048-PD/B.15 a19049-PD/B.15 a19050-PD/B.15 a19051-PD/B.15 a19052-PD/B.15 a19053-PD/B.15 a19054-PD/B.15 a19055-PD/B.15 a19056-PD/B.15 a19057-PD/B.15 a19058-PD/B.15 a19059-PD/B.15 a19060-PD/B.15 a19061-PD/B.15 a19062-PD/B.15 a19063-PD/B.15 a19064-PD/B.15 a19065-PD/B.15 a19066-PD/B.15 a19067-PD/B.15 a19068-PD/B.15 a19069-PD/B.15 a19070-PD/B.15 a19071-PD/B.15 a19072-PD/B.15 a19073-PD/B.15 a19074-PD/B.15 a19075-PD/B.15 a19076-PD/B.15 a19077-PD/B.15 a19078-PD/B.15 a19079-PD/B.15 a18027-PD/B.15 a18025-PD/B.15 a18026-PD/B.15 a18022-PD/B.15 a18021-PD/B.15 a18024-PD/B.15 a18018-PD/B.15 a18023-PD/B.15 a18020-PD/B.15 a18019-PD/B.15 a18028-PD/B.15 a18029-PD/B.15 a19044-PD/B.15 a19045-PD/B.15 a19046-PD/B.15 a19047-PD/B.15 a19048-PD/B.15 a19049-PD/B.15 a19050-PD/B.15 a19051-PD/B.15 a19052-PD/B.15 a19053-PD/B.15 a19054-PD/B.15 a19055-PD/B.15 a19056-PD/B.15 a19057-PD/B.15 a19058-PD/B.15 a19059-PD/B.15 a19060-PD/B.15 a19061-PD/B.15 a19062-PD/B.15 a19063-PD/B.15 a19064-PD/B.15 a19065-PD/B.15 a19066-PD/B.15 a19067-PD/B.15 a19068-PD/B.15 a19069-PD/B.15 a19070-PD/B.15 a19071-PD/B.15 a19072-PD/B.15 a19073-PD/B.15 a19074-PD/B.15 a19075-PD/B.15 a19076-PD/B.15 a19077-PD/B.15 a19078-PD/B.15 a19079-PD/B.15 a18019-PD/B.15 a18025-PD/B.15 a18026-PD/B.15 a18022-PD/B.15 a18021-PD/B.15 a18024-PD/B.15 a18018-PD/B.15 a18023-PD/B.15 a18020-PD/B.15 a18027-PD/B.15 a18028-PD/B.15 a18029-PD/B.15 a19044-PD/B.15 a19045-PD/B.15 a19046-PD/B.15 a19047-PD/B.15 a19048-PD/B.15 a19049-PD/B.15 a19050-PD/B.15 a19051-PD/B.15 a19052-PD/B.15 a19053-PD/B.15 a19054-PD/B.15 a19055-PD/B.15 a19056-PD/B.15 a19057-PD/B.15 a19058-PD/B.15 a19059-PD/B.15 a19060-PD/B.15 a19061-PD/B.15 a19062-PD/B.15 a19063-PD/B.15 a19064-PD/B.15 a19065-PD/B.15 a19066-PD/B.15 a19067-PD/B.15 a19068-PD/B.15 a19069-PD/B.15 a19070-PD/B.15 a19071-PD/B.15 a19072-PD/B.15 a19073-PD/B.15 a19074-PD/B.15 a19075-PD/B.15 a19076-PD/B.15 a19077-PD/B.15 a19078-PD/B.15 a19079-PD/B.15 a18020-PD/B.15 a18025-PD/B.15 a18026-PD/B.15 a18022-PD/B.15 a18021-PD/B.15 a18024-PD/B.15 a18018-PD/B.15 a18023-PD/B.15 a18019-PD/B.15 a18027-PD/B.15 a18028-PD/B.15 a18029-PD/B.15 a19044-PD/B.15 a19045-PD/B.15 a19046-PD/B.15 a19047-PD/B.15 a19048-PD/B.15 a19049-PD/B.15 a19050-PD/B.15 a19051-PD/B.15 a19052-PD/B.15 a19053-PD/B.15 a19054-PD/B.15 a19055-PD/B.15 a19056-PD/B.15 a19057-PD/B.15 a19058-PD/B.15 a19059-PD/B.15 a19060-PD/B.15 a19061-PD/B.15 a19062-PD/B.15 a19063-PD/B.15 a19064-PD/B.15 a19065-PD/B.15 a19066-PD/B.15 a19067-PD/B.15 a19068-PD/B.15 a19069-PD/B.15 a19070-PD/B.15 a19071-PD/B.15 a19072-PD/B.15 a19073-PD/B.15 a19074-PD/B.15 a19075-PD/B.15 a19076-PD/B.15 a19077-PD/B.15 a19078-PD/B.15 a19079-PD/B.15 a18023-PD/B.15 a18025-PD/B.15 a18026-PD/B.15 a18022-PD/B.15 a18021-PD/B.15 a18024-PD/B.15 a18018-PD/B.15 a18020-PD/B.15 a18019-PD/B.15 a18027-PD/B.15 a18028-PD/B.15 a18029-PD/B.15 a19044-PD/B.15 a19045-PD/B.15 a19046-PD/B.15 a19047-PD/B.15 a19048-PD/B.15 a19049-PD/B.15 a19050-PD/B.15 a19051-PD/B.15 a19052-PD/B.15 a19053-PD/B.15 a19054-PD/B.15 a19055-PD/B.15 a19056-PD/B.15 a19057-PD/B.15 a19058-PD/B.15 a19059-PD/B.15 a19060-PD/B.15 a19061-PD/B.15 a19062-PD/B.15 a19063-PD/B.15 a19064-PD/B.15 a19065-PD/B.15 a19066-PD/B.15 a19067-PD/B.15 a19068-PD/B.15 a19069-PD/B.15 a19070-PD/B.15 a19071-PD/B.15 a19072-PD/B.15 a19073-PD/B.15 a19074-PD/B.15 a19075-PD/B.15 a19076-PD/B.15 a19077-PD/B.15 a19078-PD/B.15 a19079-PD/B.15 a18018-PD/B.15 a18025-PD/B.15 a18026-PD/B.15 a18022-PD/B.15 a18021-PD/B.15 a18024-PD/B.15 a18023-PD/B.15 a18020-PD/B.15 a18019-PD/B.15 a18027-PD/B.15 a18028-PD/B.15 a18029-PD/B.15 a19044-PD/B.15 a19045-PD/B.15 a19046-PD/B.15 a19047-PD/B.15 a19048-PD/B.15 a19049-PD/B.15 a19050-PD/B.15 a19051-PD/B.15 a19052-PD/B.15 a19053-PD/B.15 a19054-PD/B.15 a19055-PD/B.15 a19056-PD/B.15 a19057-PD/B.15 a19058-PD/B.15 a19059-PD/B.15 a19060-PD/B.15 a19061-PD/B.15 a19062-PD/B.15 a19063-PD/B.15 a19064-PD/B.15 a19065-PD/B.15 a19066-PD/B.15 a19067-PD/B.15 a19068-PD/B.15 a19069-PD/B.15 a19070-PD/B.15 a19071-PD/B.15 a19072-PD/B.15 a19073-PD/B.15 a19074-PD/B.15 a19075-PD/B.15 a19076-PD/B.15 a19077-PD/B.15 a19078-PD/B.15 a19079-PD/B.15 a18024-PD/B.15 a18025-PD/B.15 a18026-PD/B.15 a18022-PD/B.15 a18021-PD/B.15 a18018-PD/B.15 a18023-PD/B.15 a18020-PD/B.15 a18019-PD/B.15 a18027-PD/B.15 a18028-PD/B.15 a18029-PD/B.15 a19044-PD/B.15 a19045-PD/B.15 a19046-PD/B.15 a19047-PD/B.15 a19048-PD/B.15 a19049-PD/B.15 a19050-PD/B.15 a19051-PD/B.15 a19052-PD/B.15 a19053-PD/B.15 a19054-PD/B.15 a19055-PD/B.15 a19056-PD/B.15 a19057-PD/B.15 a19058-PD/B.15 a19059-PD/B.15 a19060-PD/B.15 a19061-PD/B.15 a19062-PD/B.15 a19063-PD/B.15 a19064-PD/B.15 a19065-PD/B.15 a19066-PD/B.15 a19067-PD/B.15 a19068-PD/B.15 a19069-PD/B.15 a19070-PD/B.15 a19071-PD/B.15 a19072-PD/B.15 a19073-PD/B.15 a19074-PD/B.15 a19075-PD/B.15 a19076-PD/B.15 a19077-PD/B.15 a19078-PD/B.15 a19079-PD/B.15 a18021-PD/B.15 a18025-PD/B.15 a18026-PD/B.15 a18022-PD/B.15 a18024-PD/B.15 a18018-PD/B.15 a18023-PD/B.15 a18020-PD/B.15 a18019-PD/B.15 a18027-PD/B.15 a18028-PD/B.15 a18029-PD/B.15 a19044-PD/B.15 a19045-PD/B.15 a19046-PD/B.15 a19047-PD/B.15 a19048-PD/B.15 a19049-PD/B.15 a19050-PD/B.15 a19051-PD/B.15 a19052-PD/B.15 a19053-PD/B.15 a19054-PD/B.15 a19055-PD/B.15 a19056-PD/B.15 a19057-PD/B.15 a19058-PD/B.15 a19059-PD/B.15 a19060-PD/B.15 a19061-PD/B.15 a19062-PD/B.15 a19063-PD/B.15 a19064-PD/B.15 a19065-PD/B.15 a19066-PD/B.15 a19067-PD/B.15 a19068-PD/B.15 a19069-PD/B.15 a19070-PD/B.15 a19071-PD/B.15 a19072-PD/B.15 a19073-PD/B.15 a19074-PD/B.15 a19075-PD/B.15 a19076-PD/B.15 a19077-PD/B.15 a19078-PD/B.15 a19079-PD/B.15 a18022-PD/B.15 a18025-PD/B.15 a18026-PD/B.15 a18021-PD/B.15 a18024-PD/B.15 a18018-PD/B.15 a18023-PD/B.15 a18020-PD/B.15 a18019-PD/B.15 a18027-PD/B.15 a18028-PD/B.15 a18029-PD/B.15 a19044-PD/B.15 a19045-PD/B.15 a19046-PD/B.15 a19047-PD/B.15 a19048-PD/B.15 a19049-PD/B.15 a19050-PD/B.15 a19051-PD/B.15 a19052-PD/B.15 a19053-PD/B.15 a19054-PD/B.15 a19055-PD/B.15 a19056-PD/B.15 a19057-PD/B.15 a19058-PD/B.15 a19059-PD/B.15 a19060-PD/B.15 a19061-PD/B.15 a19062-PD/B.15 a19063-PD/B.15 a19064-PD/B.15 a19065-PD/B.15 a19066-PD/B.15 a19067-PD/B.15 a19068-PD/B.15 a19069-PD/B.15 a19070-PD/B.15 a19071-PD/B.15 a19072-PD/B.15 a19073-PD/B.15 a19074-PD/B.15 a19075-PD/B.15 a19076-PD/B.15 a19077-PD/B.15 a19078-PD/B.15 a19079-PD/B.15 a18026-PD/B.15 a18025-PD/B.15 a18022-PD/B.15 a18021-PD/B.15 a18024-PD/B.15 a18018-PD/B.15 a18023-PD/B.15 a18020-PD/B.15 a18019-PD/B.15 a18027-PD/B.15 a18028-PD/B.15 a18029-PD/B.15 a19044-PD/B.15 a19045-PD/B.15 a19046-PD/B.15 a19047-PD/B.15 a19048-PD/B.15 a19049-PD/B.15 a19050-PD/B.15 a19051-PD/B.15 a19052-PD/B.15 a19053-PD/B.15 a19054-PD/B.15 a19055-PD/B.15 a19056-PD/B.15 a19057-PD/B.15 a19058-PD/B.15 a19059-PD/B.15 a19060-PD/B.15 a19061-PD/B.15 a19062-PD/B.15 a19063-PD/B.15 a19064-PD/B.15 a19065-PD/B.15 a19066-PD/B.15 a19067-PD/B.15 a19068-PD/B.15 a19069-PD/B.15 a19070-PD/B.15 a19071-PD/B.15 a19072-PD/B.15 a19073-PD/B.15 a19074-PD/B.15 a19075-PD/B.15 a19076-PD/B.15 a19077-PD/B.15 a19078-PD/B.15 a19079-PD/B.15 a18025-PD/B.15 a18026-PD/B.15 a18022-PD/B.15 a18021-PD/B.15 a18024-PD/B.15 a18018-PD/B.15 a18023-PD/B.15 a18020-PD/B.15 a18019-PD/B.15 a18027-PD/B.15 a18028-PD/B.15 a18029-PD/B.15 a19044-PD/B.15 a19045-PD/B.15 a19046-PD/B.15 a19047-PD/B.15 a19048-PD/B.15 a19049-PD/B.15 a19050-PD/B.15 a19051-PD/B.15 a19052-PD/B.15 a19053-PD/B.15 a19054-PD/B.15 a19055-PD/B.15 a19056-PD/B.15 a19057-PD/B.15 a19058-PD/B.15 a19059-PD/B.15 a19060-PD/B.15 a19061-PD/B.15 a19062-PD/B.15 a19063-PD/B.15 a19064-PD/B.15 a19065-PD/B.15 a19066-PD/B.15 a19067-PD/B.15 a19068-PD/B.15 a19069-PD/B.15 a19070-PD/B.15 a19071-PD/B.15 a19072-PD/B.15 a19073-PD/B.15 a19074-PD/B.15 a19075-PD/B.15 a19076-PD/B.15 a19077-PD/B.15 a19078-PD/B.15 a19079-PD/B.15